Quality improvement : (Record no. 403)

MARC details
000 -LEADER
fixed length control field 00387nam a2200145 a 4500
005 - DATE AND TIME OF LATEST TRANSACTION
control field 20260322212018.0
008 - FIXED-LENGTH DATA ELEMENTS--GENERAL INFORMATION
fixed length control field data
096 ## - LOCALLY ASSIGNED NLM-TYPE CALL NUMBER (OCLC)
Classification number W 84 E59q 1990
001 - CONTROL NUMBER
control field data
100 1# - MAIN ENTRY--PERSONAL NAME
Personal name Ellison, Jeanette
245 10 - TITLE STATEMENT
Title Quality improvement :
Remainder of title the key to hospital survival /
Statement of responsibility, etc. Jeanette Ellison.
260 ## - PUBLICATION, DISTRIBUTION, ETC.
Place of publication, distribution, etc. Atlanta
Name of publisher, distributor, etc. American Health Consultants
Date of publication, distribution, etc. c1990
300 ## - PHYSICAL DESCRIPTION
Extent 46 p.
650 #4 - SUBJECT ADDED ENTRY--TOPICAL TERM
Topical term or geographic name entry element Quality improvement.
Holdings
Withdrawn status Lost status Damaged status Not for loan Home library Current library Shelving location Date acquired Total checkouts Full call number Barcode Date last seen Price effective from Koha item type
        Pleasant Valley Pleasant Valley General stacks 22/03/2026   GEN BC0010413 22/03/2026 22/03/2026 Books